000 00433nam a2200145 i 4500
001 62006
003 ES-MaACL
007 t|
008 031117s1982 sp ||||1| spa d
245 0 0 _aFamilia y cambio social en España /
_cRosa Conde (compiladora).
260 _aMadrid :
_bCentro de Investigaciones Sociológicas,
_c1982.
300 _a351 p. ;
_c20 cm.
700 1 _aConde, Rosa.
_940108
852 _aES-MaACL
_jL-3951
_bR.104774
999 _c62006
_d62006